Recovery in mental illness : (Record no. 812)

MARC details
000 -LEADER
fixed length control field 02379cam a22003854a 4500
005 - DATE AND TIME OF LATEST TRANSACTION
control field 20260322212035.0
008 - FIXED-LENGTH DATA ELEMENTS--GENERAL INFORMATION
fixed length control field data
010 ## - LIBRARY OF CONGRESS CONTROL NUMBER
LC control number 2004003910
015 ## - NATIONAL BIBLIOGRAPHY NUMBER
National bibliography number bnb
-- bnb
016 7# - NATIONAL BIBLIOGRAPHIC AGENCY CONTROL NUMBER
Record control number 012946487
Source Uk
020 ## - INTERNATIONAL STANDARD BOOK NUMBER
International Standard Book Number 9781591471639
020 ## - INTERNATIONAL STANDARD BOOK NUMBER
International Standard Book Number 159147163X
040 ## - CATALOGING SOURCE
Original cataloging agency DLC
Transcribing agency DLC
Modifying agency CKK
-- UKM
-- VET
-- MUQ
-- CKK
041 09 - LANGUAGE CODE
Language code of text/sound track or separate title eng
042 ## - AUTHENTICATION CODE
Authentication code nlmcopyc
-- nlmcopyc
044 ## - COUNTRY OF PUBLISHING/PRODUCING ENTITY CODE
-- United States
049 ## - LOCAL HOLDINGS (OCLC)
Holding library NLMM
050 00 - LIBRARY OF CONGRESS CALL NUMBER
Classification number RC439.5
Item number .R4228 2005
060 10 - NATIONAL LIBRARY OF MEDICINE CALL NUMBER
Classification number WM 400
Item number R311 2005
082 00 - DEWEY DECIMAL CLASSIFICATION NUMBER
Classification number 616.89/1
Edition information 22
001 - CONTROL NUMBER
control field data
245 00 - TITLE STATEMENT
Title Recovery in mental illness :
Remainder of title broadening our understanding of wellness /
Statement of responsibility, etc. edited by Ruth O. Ralph & Patrick W. Corrigan.
250 ## - EDITION STATEMENT
Edition statement 1st ed.
260 ## - PUBLICATION, DISTRIBUTION, ETC.
Place of publication, distribution, etc. Washington, DC :
Name of publisher, distributor, etc. American Psychological Association,
Date of publication, distribution, etc. c2005.
300 ## - PHYSICAL DESCRIPTION
Extent xi, 282 p. :
Other physical details ill. ;
Dimensions 27 cm.
504 ## - BIBLIOGRAPHY, ETC. NOTE
Bibliography, etc. note Includes bibliographical references and index.
505 00 - FORMATTED CONTENTS NOTE
Title Verbal definitions and visual models of recovery: focus on the recovery model /
Statement of responsibility Ruth O. Ralph --
-- Ruth O. Ralph --
Title Research methods for exploring and assessing recovery /
Statement of responsibility David Loveland,
-- Katie Weaver Randall,
-- Patrick W. Corrigan --
Title Beyond dementia praecox: findings from long-term follow-up studies of schizophrenia /
Statement of responsibility Joseph D. Calabrese,
-- Patrick W. Corrigan --
Title Sociological models of recovery /
Statement of responsibility Fred E. Markowitz --
Title Recovery from schizophrenia: a criterion-based definition --
Statement of responsibility Robert P. Liberman,
-- Alex Kopelowicz --
Title Verbal definitions and visual models of recovery: focus on the recovery model /
Statement of responsibility Ruth O. Ralph --
505 00 - FORMATTED CONTENTS NOTE
Title Recovery from addiction and from mental illness: shared and contrasting lessons -- /
Statement of responsibility David Loveland.
-- David Sells,
-- Stephanie Sangster,
-- Maria O'Connell --
Title Mutual-help groups and recovery: the influence of settings on participants' experience of recovery /
Statement of responsibility Katie Weaver Randall,
-- Deborah A. Salem --
Title Daring to pick up pieces of the puzzle: a consumer-survivor model of healing from childhood sexual abuse /
Statement of responsibility Mary Jane Alexander,
-- Kristina Muenzenmaier,
-- Jeanne Dumont,
-- Mary Auslander --
Title Recovery from addiction and from mental illness: shared and contrasting lessons -- /
Statement of responsibility William White,
-- Michael Boyle,
-- David Loveland.
650 12 - SUBJECT ADDED ENTRY--TOPICAL TERM
Topical term or geographic name entry element Mental Disorders
General subdivision rehabilitation
650 22 - SUBJECT ADDED ENTRY--TOPICAL TERM
Topical term or geographic name entry element Treatment Outcome
650 22 - SUBJECT ADDED ENTRY--TOPICAL TERM
Topical term or geographic name entry element Mentally Ill Persons
General subdivision psychology
650 22 - SUBJECT ADDED ENTRY--TOPICAL TERM
Topical term or geographic name entry element Mental Health
700 1# - ADDED ENTRY--PERSONAL NAME
Personal name Ralph, Ruth O.
700 1# - ADDED ENTRY--PERSONAL NAME
Personal name Corrigan, Patrick W.
Holdings
Withdrawn status Lost status Damaged status Not for loan Home library Current library Shelving location Date acquired Total checkouts Full call number Barcode Date last seen Price effective from Koha item type
        Franklin Franklin General stacks 22/03/2026   616.89/1 22 BC0010836 22/03/2026 22/03/2026 Books